000 00321nam a2200145 a 4500
008 961202s1974||||xx 0 und c
040 _aSNK
_bslo
_cSNK
_eAACR2
100 1 _aDiere, Jozef
245 1 0 _aSvoji
260 _aBratislava
_bPravda
_c1974
300 _a335s.
020 _c21
044 _axo
_cSK
041 _aslo
999 _c10321
_d10321